|
|
|
|
| LEADER |
00000cam a22000004a 4500 |
| 001 |
musev2_79115 |
| 003 |
MdBmJHUP |
| 005 |
20230905052144.0 |
| 006 |
m o d |
| 007 |
cr||||||||nn|n |
| 008 |
120223s2009 ncu o 00 0 eng d |
| 020 |
|
|
|a 9781469664323
|
| 020 |
|
|
|z 9780807833438
|
| 020 |
|
|
|z 9780807859872
|
| 020 |
|
|
|z 9781469625676
|
| 035 |
|
|
|a (OCoLC)778051458
|
| 040 |
|
|
|a MdBmJHUP
|c MdBmJHUP
|
| 100 |
1 |
|
|a Greenspan, Anders.
|
| 245 |
1 |
0 |
|a Creating Colonial Williamsburg :
|b The Restoration of Virginia's Eighteenth-Century Capital /
|c Anders Greenspan.
|
| 250 |
|
|
|a 2nd ed.
|
| 264 |
|
1 |
|a Chapel Hill :
|b University of North Carolina Press,
|c 2009.
|
| 264 |
|
3 |
|a Baltimore, Md. :
|b Project MUSE,
|c 2021
|
| 264 |
|
4 |
|c ©2009.
|
| 300 |
|
|
|a 1 online resource (240 pages):
|b illustrations, map
|
| 336 |
|
|
|a text
|b txt
|2 rdacontent
|
| 337 |
|
|
|a computer
|b c
|2 rdamedia
|
| 338 |
|
|
|a online resource
|b cr
|2 rdacarrier
|
| 505 |
0 |
|
|a Birth of a dream -- Creating the faith -- To preserve a nation -- Growing prominence -- For the greater good -- Achieving maturity -- New challenges -- Continuity and change.
|
| 520 |
|
|
|a In Creating Colonial Williamsburg, Anders Greenspan examines the restoration and re-creation of the structures and gardens of Virginia's colonial capital beginning in 1926. The restoration was undertaken by the Rockefeller family, whose aim was to promote a twentieth-century appreciation for eighteenth-century ideals. Ironically, those ideals, including democracy, individualism, and representative government, were often promoted at the expense of a more complete understanding of the town's true history. The meaning and purpose of Colonial Williamsburg has changed over time, along with America'
|
| 588 |
|
|
|a Description based on print version record.
|
| 610 |
2 |
7 |
|a Colonial Williamsburg Foundation.
|2 fast
|0 (OCoLC)fst00532600
|
| 610 |
2 |
0 |
|a Colonial Williamsburg Foundation.
|
| 650 |
|
7 |
|a Public history.
|2 fast
|0 (OCoLC)fst01082429
|
| 650 |
|
7 |
|a Historic sites
|x Conservation and restoration.
|2 fast
|0 (OCoLC)fst00957852
|
| 650 |
|
7 |
|a Historic buildings
|x Conservation and restoration.
|2 fast
|0 (OCoLC)fst00957729
|
| 650 |
|
7 |
|a Buildings.
|2 fast
|0 (OCoLC)fst00840962
|
| 650 |
|
7 |
|a Architecture
|x Conservation and restoration.
|2 fast
|0 (OCoLC)fst00813377
|
| 650 |
|
7 |
|a Antiquities.
|2 fast
|0 (OCoLC)fst00810745
|
| 650 |
|
0 |
|a Public history
|z Virginia
|z Williamsburg.
|
| 650 |
|
0 |
|a Architecture
|x Conservation and restoration
|z Virginia
|z Williamsburg
|x History.
|
| 650 |
|
0 |
|a Historic buildings
|x Conservation and restoration
|z Virginia
|z Williamsburg
|x History.
|
| 650 |
|
0 |
|a Historic sites
|x Conservation and restoration
|z Virginia
|z Williamsburg
|x History.
|
| 651 |
|
7 |
|a Virginia
|z Williamsburg.
|2 fast
|0 (OCoLC)fst01205036
|
| 651 |
|
0 |
|a Williamsburg (Va.)
|x Antiquities.
|
| 651 |
|
0 |
|a Williamsburg (Va.)
|x Buildings, structures, etc.
|
| 655 |
|
7 |
|a History.
|2 fast
|0 (OCoLC)fst01411628
|
| 655 |
|
7 |
|a Electronic books.
|2 local
|
| 710 |
2 |
|
|a Project Muse.
|e distributor
|
| 830 |
|
0 |
|a Book collections on Project MUSE.
|
| 856 |
4 |
0 |
|z Texto completo
|u https://projectmuse.uam.elogim.com/book/79115/
|
| 945 |
|
|
|a Project MUSE - Custom Collection
|